| 000 | 00735nam a2200181Ia 4500 | ||
|---|---|---|---|
| 008 | 100921s9999 xx 000 0 und d | ||
| 082 |
_b23203 _a020 थ 87 |
||
| 100 | _aमहाजन शांताराम गजानन. | ||
| 245 | _aतालिकीकरण तात्विक. | ||
| 260 |
_bपुणे विद्यार्थीगृह प्रकाशन,पुणे. _c1987 |
||
| 300 |
_a103 _b--- |
||
| 365 | _b12 | ||
| 520 | _aसं.ग्रंथालयशास्त्र. | ||
| 630 | _aतालिकीकरण तात्विक. | ||
| 650 | _aसं.ग्रंथालयशास्त्र. | ||
| 730 | _aतालिकीकरण तात्विक. | ||
| 942 | _cBOOK | ||
| 999 |
_c772316 _d772313 |
||